书目信息 |
| 题名: |
探测小天体
|
|
| 作者: | 徐波 , 雷汉伦 编著 | |
| 分册: | ||
| 出版信息: | 北京 科学出版社 2018.01 |
|
| 页数: | 278页 | |
| 开本: | 24cm | |
| 丛书名: | ||
| 单 册: | ||
| 中图分类: | P185.7 , P185.7-49 | |
| 科图分类: | ||
| 主题词: | 小行星--普及读物 | |
| 电子资源: | ||
| ISBN: | 978-7-03-055779-7 | |
| 000 | 01050nam0 2200253 450 | |
| 001 | 676 | |
| 005 | 20180924094829.91 | |
| 010 | @a978-7-03-055779-7@dCNY128.00 | |
| 100 | @a20180612d2018 em y0chiy50 ea | |
| 101 | 0 | @achi |
| 102 | @aCN@b110000 | |
| 105 | @aa z 000yy | |
| 200 | 1 | @a探测小天体@9tan ce xiao tian ti@dExploration of asteroid@f徐波,雷汉伦编著@zeng |
| 210 | @a北京@c科学出版社@d2018.01 | |
| 215 | @a278页@c图@d24cm | |
| 330 | @a本书首先介绍了小天体的观测历史,解释了小天体的命名规则,阐述了小天体的分类规则,回答了小天体的起源与演化等问题,并介绍了小天体的物理化学性质和太阳系内知名小天体与矮行星;然后依照任务的完成阶段,系统地介绍了小天体探测任务,并对人类历史上大多数小天体探测任务进行了汇总;最后阐述了小天体对地球的潜在威胁,并给出了多种小天体防御方案。 | |
| 510 | 1 | @aExploration of asteroid@zeng |
| 606 | 0 | @a小行星@j普及读物 |
| 690 | @aP185.7@v5 | |
| 690 | @aP185.7-49@v4 | |
| 701 | 0 | @a徐波@9xu bo@4编著 |
| 701 | 0 | @a雷汉伦@9lei han lun@4编著 |
| 801 | 0 | @aCN@b91MARC@c20180612 |
| 905 | @aMuseLib@dP185.7-49@e250 | |
| 探测小天体=Exploration of asteroid/徐波,雷汉伦编著.-北京:科学出版社,2018.01 |
| 278页:图;24cm |
| ISBN 978-7-03-055779-7:CNY128.00 |
| 本书首先介绍了小天体的观测历史,解释了小天体的命名规则,阐述了小天体的分类规则,回答了小天体的起源与演化等问题,并介绍了小天体的物理化学性质和太阳系内知名小天体与矮行星;然后依照任务的完成阶段,系统地介绍了小天体探测任务,并对人类历史上大多数小天体探测任务进行了汇总;最后阐述了小天体对地球的潜在威胁,并给出了多种小天体防御方案。 |
| ● |
| 相关链接 |
|
|
|
|
正题名:探测小天体
索取号:P185.7-49/250
 
预约/预借
| 序号 | 登录号 | 条形码 | 馆藏地/架位号 | 状态 | 备注 |
| 1 | 1120139 | 211201395 | 第二样本阅览室/ [索取号:P185.7-49/250] | 在馆 | |
| 2 | 1120140 | 211201402 | 第三借阅区/ [索取号:P185.7-49/250] | 在馆 | |
| 3 | 1120141 | 211201411 | 第三借阅区/ [索取号:P185.7-49/250] | 在馆 |